000 00311nam a2200133 i 4500
001 bg
100 1 _aSZULCZEWSKI, M.
245 0 _aInformacja i współdziałanie /
_cM. Szulczewski.
260 _aWarszawa,
_c1982.
040 _cBPK
041 _apol
942 _cKS
008 s pl f |000 0 pol
999 _c2870
_d2870
856 _uhttp://koha.tu.koszalin.pl/cgi-bin/koha/opac-detail.pl?biblionumber=2870
_yKatalog online BPK